000
00285nam a22001337a 4500
008
170126b xxu||||| |||| 00| 0 eng d
020
_a
9780313337185
041
_a
eng
080
_a
61
100
_a
3
101
_a
SHM
245
_a
ALTERNATIVE MEDICINE
_c
LARSON,CH
942
_2
udc
_c
BK
999
_c
3810
_d
3810